Super Héros Zoomés - Statistiques

Statistiques générales
  • Ce quiz a été pris 307 fois
  • Le résultat moyen est 15 sur 16
Statistiques - réponses
Par images Réponse % Correct
Iron Man
99%
Superman
99%
Thor
99%
Spider Man
98%
The Flash
98%
Captain America
96%
Wonder Woman
96%
The Hulk
95%
Deadpool
93%
Ant Man
92%
Batman
92%
Black Panther
92%
Wolverine
92%
Cat Woman
91%
Green Lantern
88%
Vision
79%
Aucun quiz correspondant
Distribution des résultats
% des personnes avec chaque résultat
Percentile par nombre de réponses
Votre historique - résultats
Vous n’avez pas pris ce quiz